[Event "MP Reykjavik Open 2011"]
[Site "Reykjavik ISL"]
[Date "2011.03.14"]
[Round "7.13"]
[White "Sveshnikov, Vladimir"]
[Black "Gupta, Abhijeet"]
[Result "1/2-1/2"]
[WhiteElo "2379"]
[BlackElo "2580"]
[PlyCount "133"]
[EventDate "2011.03.09"]
[EventType "swiss"]
[EventRounds "9"]
[EventCountry "ISL"]
[Source "lmi"]
[SourceDate "2011.03.09"]

1. e4 e5 2. Nf3 Nc6 3. Bc4 Nf6 4. d4 exd4 5. e5 d5 6. Bb5 Ne4 7. Nxd4 Bd7 8.
Bxc6 bxc6 9. O-O Bc5 10. f3 Ng5 11. f4 Ne4 12. Be3 Qb8 13. Nd2 Qxb2 14. Nxe4
dxe4 15. Qd2 Rd8 16. Rfb1 Qa3 17. Rb3 Qa6 18. Qc3 Be7 19. f5 c5 20. e6 fxe6 21.
fxe6 cxd4 22. exd7+ Rxd7 23. Rb8+ Kf7 24. Qb3+ Qe6 25. Rxh8 Qxb3 26. axb3 dxe3
27. Kf1 Rd2 28. Ra4 Rf2+ 29. Ke1 Bf6 30. Rc4 Rxg2 31. Rxh7 Be5 32. Rh3 Bf4 33.
Rxe4 g5 34. Rf3 Kg6 35. h4 Kf5 36. Rexe3 gxh4 37. Re2 Rg1+ 38. Rf1 Rg7 39. Ref2
Rg4 40. Rh1 Kg5 41. Kf1 Bg3 42. Rf8 Re4 43. Rg8+ Kf4 44. Rf8+ Ke3 45. Kg2 Kd2
46. Rf3 Be5 47. c4 a5 48. Kh3 Kc2 49. Rg1 Bc3 50. Rg5 Kb2 51. Rc5 Re7 52. Kxh4
Kxb3 53. Rxa5 Kxc4 54. Ra4+ Kb5 55. Ra7 Bd4 56. Rb7+ Ka6 57. Rb8 Rg7 58. Kh5
Rg1 59. Rf5 Ba7 60. Rb3 Bb6 61. Rg5 Rf1 62. Rg6 Kb7 63. Kg4 Rf7 64. Rc3 Ka6 65.
Rgc6 Kb7 66. Rc2 Ka6 67. Kg5 1/2-1/2

[Event "MP Reykjavik Open 2011"]
[Site "Reykjavik ISL"]
[Date "2011.03.14"]
[Round "7.14"]
[White "Adly, Ahmed"]
[Black "Ariel, Donny"]
[Result "1-0"]
[WhiteElo "2640"]
[BlackElo "2389"]
[PlyCount "59"]
[EventDate "2011.03.09"]
[EventType "swiss"]
[EventRounds "9"]
[EventCountry "ISL"]
[Source "lmi"]
[SourceDate "2011.03.09"]

1. d4 Nf6 2. Nf3 e6 3. g3 b5 4. Bg2 Bb7 5. O-O c5 6. Na3 Qb6 7. c4 b4 8. Nc2
Be4 9. b3 Nc6 10. Bb2 cxd4 11. Nfxd4 Bxg2 12. Kxg2 Rd8 13. e3 Be7 14. Qf3 O-O
15. e4 Ne5 16. Qe2 Qb7 17. f3 d6 18. a3 bxa3 19. Rxa3 d5 20. exd5 Ng6 21. b4
exd5 22. c5 Rfe8 23. Qa6 Qxa6 24. Rxa6 Ne5 25. Rxa7 Rb8 26. Bc1 Kf8 27. Bf4
Rxb4 28. Rxe7 Rxe7 29. Nxb4 Nc4 30. Ra1 1-0

[Event "MP Reykjavik Open 2011"]
[Site "Reykjavik ISL"]
[Date "2011.03.14"]
[Round "7.15"]
[White "Stefansson, Hannes"]
[Black "Sareen, Vishal"]
[Result "1-0"]
[WhiteElo "2557"]
[BlackElo "2358"]
[PlyCount "55"]
[EventDate "2011.03.09"]
[EventType "swiss"]
[EventRounds "9"]
[EventCountry "ISL"]
[Source "lmi"]
[SourceDate "2011.03.09"]

1. e4 e5 2. Nf3 Nc6 3. Bb5 a6 4. Ba4 Nf6 5. O-O Bc5 6. d3 b5 7. Bb3 d6 8. c3
Bg4 9. Nbd2 Na5 10. Bxf7+ Kxf7 11. b4 Rf8 12. h3 Bh5 13. g4 Nxg4 14. hxg4 Bxg4
15. Nxe5+ dxe5 16. Qxg4 Kg8 17. Nf3 Qxd3 18. Nxe5 Qxc3 19. Qe6+ Kh8 20. bxc5
Rf6 21. Qd5 c6 22. Bd2 Qh3 23. Qd3 Qh5 24. f4 Nc4 25. Qf3 Qh4 26. Be1 Qh6 27.
Nxc4 Rg6+ 28. Bg3 1-0

[Event "MP Reykjavik Open 2011"]
[Site "Reykjavik ISL"]
[Date "2011.03.14"]
[Round "7.16"]
[White "Dronavalli, Harika"]
[Black "Forsaa, Espen"]
[Result "1/2-1/2"]
[WhiteElo "2524"]
[BlackElo "2340"]
[PlyCount "66"]
[EventDate "2011.03.09"]
[EventType "swiss"]
[EventRounds "9"]
[EventCountry "ISL"]
[Source "lmi"]
[SourceDate "2011.03.09"]

1. d4 Nf6 2. c4 g6 3. d5 b5 4. cxb5 a6 5. bxa6 c6 6. Nc3 cxd5 7. Nxd5 Qa5+ 8.
Nc3 Bg7 9. Bd2 Bxa6 10. Nf3 Nc6 11. g3 Qb6 12. Na4 Qb5 13. e3 Qh5 14. Bxa6 Rxa6
15. Nc3 O-O 16. O-O Rb8 17. Rb1 g5 18. e4 g4 19. Nh4 Nd4 20. Kg2 Nxe4 21. Nxe4
Qd5 22. Re1 f5 23. Bc3 Re6 24. Bxd4 Bxd4 25. b4 Rxe4 26. Qb3 Qxb3 27. axb3 Rxe1
28. Rxe1 e6 29. h3 gxh3+ 30. Kxh3 Bxf2 31. Rd1 d5 32. Rd2 Bg1 33. Re2 Rxb4
1/2-1/2

[Event "MP Reykjavik Open 2011"]
[Site "Reykjavik ISL"]
[Date "2011.03.14"]
[Round "7.17"]
[White "Getz, Nicolai"]
[Black "Thorfinnsson, Bjorn"]
[Result "1-0"]
[WhiteElo "2333"]
[BlackElo "2419"]
[PlyCount "115"]
[EventDate "2011.03.09"]
[EventType "swiss"]
[EventRounds "9"]
[EventCountry "ISL"]
[Source "lmi"]
[SourceDate "2011.03.09"]

1. e4 c6 2. d4 d5 3. e5 Bf5 4. Nf3 e6 5. Be2 c5 6. O-O Nc6 7. Nbd2 Rc8 8. dxc5
Bxc5 9. Nb3 Bb6 10. c3 Nge7 11. Bg5 Qc7 12. Nbd4 Bxd4 13. cxd4 Qb6 14. Qb3 Qxb3
15. axb3 a6 16. Bd2 Be4 17. Bc3 Nf5 18. Ra4 Bxf3 19. Bxf3 b5 20. Rxa6 Ncxd4 21.
Bd1 b4 22. Bxd4 Nxd4 23. Rb6 Nc6 24. Be2 O-O 25. Ba6 Nxe5 26. Bxc8 Rxc8 27.
Rxb4 g5 28. h4 h6 29. hxg5 hxg5 30. f3 Nd3 31. Rd4 Nf4 32. Rd2 Rb8 33. g3 Ng6
34. Rd3 f5 35. Ra1 Kf7 36. Ra7+ Kf6 37. Ra6 f4 38. g4 Rb5 39. Ra4 Ne5 40. Rc3
Rb6 41. Kf1 Ke7 42. Ke2 Nc6 43. Kd2 Kd7 44. Ra8 Nd4 45. Rg8 Nxb3+ 46. Kd3 Na5
47. Kc2 d4 48. Rd3 e5 49. Rg7+ Kd6 50. Rg6+ Kc5 51. Rxb6 Kxb6 52. Rd1 Nc4 53.
Rh1 e4 54. fxe4 Ne5 55. Rh5 f3 56. Rxg5 f2 57. Rf5 Nxg4 58. Kd3 1-0

[Event "MP Reykjavik Open 2011"]
[Site "Reykjavik ISL"]
[Date "2011.03.14"]
[Round "7.18"]
[White "Carstensen, Jacob"]
[Black "Dearing, Eddie"]
[Result "1/2-1/2"]
[WhiteElo "2332"]
[BlackElo "2412"]
[PlyCount "127"]
[EventDate "2011.03.09"]
[EventType "swiss"]
[EventRounds "9"]
[EventCountry "ISL"]
[Source "lmi"]
[SourceDate "2011.03.09"]

1. d4 d5 2. c4 c6 3. Nf3 Nf6 4. Nc3 e6 5. Bg5 h6 6. Bxf6 Qxf6 7. e3 g6 8. Bd3
Bg7 9. O-O O-O 10. e4 dxe4 11. Nxe4 Qd8 12. Qe2 e5 13. dxe5 Bg4 14. Rad1 Nd7
15. Bc2 Qc7 16. e6 Bxe6 17. Nd4 Rfe8 18. Nxe6 Rxe6 19. Qd2 Ne5 20. c5 Nc4 21.
Qd7 Rc8 22. Qxc7 Rxc7 23. Rd8+ Kh7 24. b3 Na3 25. Bd3 Nb5 26. Nd6 Bf6 27. Nxb5
Bxd8 28. Nxc7 Bxc7 29. Bc4 Re7 30. Rd1 Kg7 31. g3 Kf8 32. Kf1 Ba5 33. a3 Bc3
34. Rd3 Re1+ 35. Kg2 Bb2 36. Rd8+ Re8 37. Rxe8+ Kxe8 38. a4 Ba3 39. f4 Bxc5 40.
g4 g5 41. fxg5 hxg5 42. Kf3 Ke7 43. Ke4 f6 44. h3 Kd6 45. Bf7 Bf2 46. Be8 Kc5
47. Kd3 Kd5 48. Bd7 Kc5 49. Bc8 b6 50. Bb7 Be1 51. Kc2 Bb4 52. Kd3 a5 53. Bc8
b5 54. axb5 cxb5 55. Bd7 Ba3 56. Kc2 Bb4 57. Kb2 Be1 58. Be8 Bg3 59. Bd7 Bf4
60. Be8 Kb4 61. Bd7 Be5+ 62. Ka2 a4 63. bxa4 bxa4 64. Bc8 1/2-1/2

[Event "MP Reykjavik Open 2011"]
[Site "Reykjavik ISL"]
[Date "2011.03.14"]
[Round "7.19"]
[White "Zelbel, Patrick"]
[Black "Sigfusson, Sigurdur"]
[Result "0-1"]
[WhiteElo "2410"]
[BlackElo "2336"]
[PlyCount "92"]
[EventDate "2011.03.09"]
[EventType "swiss"]
[EventRounds "9"]
[EventCountry "ISL"]
[Source "lmi"]
[SourceDate "2011.03.09"]

1. e4 e5 2. f4 Bc5 3. Nf3 d6 4. c3 Bg4 5. d4 Bxf3 6. gxf3 Qh4+ 7. Ke2 Bb6 8.
Rg1 Nf6 9. Rg2 exd4 10. cxd4 Nc6 11. Be3 Nh5 12. Qd2 Bxd4 13. Bxd4 Nxf4+ 14.
Kd1 Nxg2 15. Bxg2 Nxd4 16. Qxd4 Qxh2 17. Qf2 O-O 18. Nc3 f5 19. exf5 Rxf5 20.
Kc2 Rg5 21. Rg1 Qf4 22. Re1 d5 23. Bh3 c6 24. Re7 Re5 25. Rxb7 d4 26. Ne4 d3+
27. Kd1 Rf8 28. Bf1 Rxe4 29. Qg2 Qxf3+ 30. Qxf3 Rxf3 31. Bg2 Ref4 32. Bxf3 Rxf3
33. Kd2 h5 34. Rxa7 h4 35. Rc7 h3 36. Rxc6 h2 37. Rc1 g5 38. Rh1 Rh3 39. Ke1
Re3+ 40. Kd2 Re2+ 41. Kxd3 Rg2 42. a4 g4 43. a5 g3 44. a6 Rxb2 45. Ke4 g2 46.
Rxh2 Rb4+ 0-1

[Event "MP Reykjavik Open 2011"]
[Site "Reykjavik ISL"]
[Date "2011.03.14"]
[Round "7.20"]
[White "Stigar, Petter"]
[Black "Mekhitarian, Krikor Sevag"]
[Result "0-1"]
[WhiteElo "2328"]
[BlackElo "2529"]
[PlyCount "128"]
[EventDate "2011.03.09"]
[EventType "swiss"]
[EventRounds "9"]
[EventCountry "ISL"]
[Source "lmi"]
[SourceDate "2011.03.09"]

1. c4 Nf6 2. Nf3 e6 3. g3 a6 4. Bg2 b5 5. b3 Bb7 6. O-O c5 7. Bb2 Be7 8. cxb5
axb5 9. d4 cxd4 10. Nxd4 Bxg2 11. Kxg2 b4 12. Nd2 d5 13. Qc2 O-O 14. Rfc1 Ra7
15. N2f3 Qb6 16. Ne5 Bd6 17. Ndf3 Rc7 18. Qd1 Rfc8 19. Rxc7 Rxc7 20. Rc1 Ne4
21. Bd4 Qb7 22. Nd3 f6 23. Bb2 Rxc1 24. Qxc1 e5 25. a3 bxa3 26. Bxa3 Bxa3 27.
Qxa3 d4 28. Nc5 Nxc5 29. Qxc5 Na6 30. Qc4+ Kf8 31. Kg1 Nb4 32. Ne1 Nd5 33. Nd3
Nc3 34. Nc5 Qd5 35. Qxd5 Nxd5 36. Kf1 Ke7 37. Ke1 f5 38. Kd2 g5 39. e3 dxe3+
40. fxe3 e4 41. h3 h5 42. Nb7 h4 43. gxh4 gxh4 44. Ke2 Kd7 45. Kf2 Kc7 46. Na5
Kd6 47. Nc4+ Ke6 48. Nd2 Nb4 49. Ke2 Nd3 50. Kf1 Kd5 51. Ke2 Kc5 52. Nc4 Nc1+
53. Kf2 Kd5 54. Nd2 Nd3+ 55. Ke2 f4 56. exf4 Nxf4+ 57. Ke3 Ng2+ 58. Ke2 Kd4 59.
Kf1 Nf4 60. b4 Kd3 61. Ke1 Ng2+ 62. Kd1 e3 63. Nf3 e2+ 64. Kc1 Ke3 0-1

[Event "MP Reykjavik Open 2011"]
[Site "Reykjavik ISL"]
[Date "2011.03.14"]
[Round "7.22"]
[White "Henrichs, Thomas"]
[Black "Ptacnikova, Lenka"]
[Result "1-0"]
[WhiteElo "2480"]
[BlackElo "2307"]
[PlyCount "99"]
[EventDate "2011.03.09"]
[EventType "swiss"]
[EventRounds "9"]
[EventCountry "ISL"]
[Source "lmi"]
[SourceDate "2011.03.09"]

1. d4 Nf6 2. c4 e6 3. Nc3 Bb4 4. f3 d5 5. a3 Be7 6. e4 dxe4 7. fxe4 e5 8. d5
Bc5 9. Nf3 Bg4 10. h3 Bxf3 11. Qxf3 c6 12. Bg5 Nbd7 13. O-O-O a5 14. Kb1 Qc7
15. g4 O-O 16. Qf5 a4 17. Rh2 Bd4 18. Ne2 c5 19. Qf3 Ra6 20. Ng3 Rb6 21. Nf5
Rb3 22. Rd3 Rxd3 23. Bxd3 Ra8 24. h4 Ra6 25. Bc1 Ne8 26. g5 Nf8 27. h5 Rb6 28.
Bc2 Ra6 29. Rg2 Qd7 30. Qd1 Ra8 31. Rg3 Bf2 32. Rf3 Bd4 33. Qf1 Ra6 34. Ka2 Qc7
35. Qh3 Ra8 36. Qh4 Qd8 37. Qg3 Qc7 38. Qg2 Ra6 39. Qf1 Qd7 40. Bd1 Qc7 41. Rg3
Ra8 42. Bg4 Ra6 43. Rf3 Ra8 44. h6 g6 45. d6 Nxd6 46. Nxd6 Qxd6 47. Rxf7 Qb6
48. Kb1 Qc6 49. Rg7+ Kh8 50. Qf7 1-0

[Event "MP Reykjavik Open 2011"]
[Site "Reykjavik ISL"]
[Date "2011.03.14"]
[Round "7.23"]
[White "Sammalvuo, Tapani"]
[Black "Gislason, Gudmundur"]
[Result "1/2-1/2"]
[WhiteElo "2471"]
[BlackElo "2291"]
[PlyCount "90"]
[EventDate "2011.03.09"]
[EventType "swiss"]
[EventRounds "9"]
[EventCountry "ISL"]
[Source "lmi"]
[SourceDate "2011.03.09"]

1. d4 Nf6 2. c4 g6 3. Nc3 d5 4. cxd5 Nxd5 5. e4 Nb6 6. h3 Bg7 7. Nf3 O-O 8. Be3
Be6 9. d5 Bd7 10. a4 e6 11. a5 Nc8 12. Qb3 exd5 13. Nxd5 Nc6 14. Bg5 Nd4 15.
Nxd4 Qxg5 16. Nf3 Qd8 17. Bd3 Bc6 18. O-O-O Bxd5 19. Qxd5 Qe7 20. Bc2 Qb4 21.
e5 Ne7 22. Qb3 Qxa5 23. e6 fxe6 24. Qxe6+ Kh8 25. Kb1 Nc6 26. Qb3 Rf4 27. Rd5
Qb4 28. Rhd1 Bf6 29. Rd7 Qxb3 30. Bxb3 Ne5 31. Rxc7 Nxf3 32. gxf3 Rxf3 33. Be6
Rd8 34. Rxd8+ Bxd8 35. Rxb7 Bb6 36. Rf7 Rxf7 37. Bxf7 Bxf2 38. Kc2 Kg7 39. Be8
Kf6 40. Kd3 Ke5 41. Ke2 Bd4 42. b3 Kf4 43. Bd7 Kg3 44. Kf1 g5 45. Bg4 Bc5
1/2-1/2

[Event "MP Reykjavik Open 2011"]
[Site "Reykjavik ISL"]
[Date "2011.03.14"]
[Round "7.24"]
[White "Kjartansson, Gudmundur"]
[Black "Gretarsson, Hjorvar Steinn"]
[Result "0-1"]
[WhiteElo "2327"]
[BlackElo "2444"]
[PlyCount "112"]
[EventDate "2011.03.09"]
[EventType "swiss"]
[EventRounds "9"]
[EventCountry "ISL"]
[Source "lmi"]
[SourceDate "2011.03.09"]

1. c4 c6 2. Nf3 d5 3. e3 Nf6 4. Nc3 e6 5. Qc2 Nbd7 6. b3 Bd6 7. Bb2 O-O 8. Be2
e5 9. cxd5 Nxd5 10. O-O Nxc3 11. Bxc3 Qe7 12. d3 f5 13. Nd2 Nf6 14. Rae1 b5 15.
Bf3 Nd5 16. Bb2 Bb7 17. g3 Rad8 18. e4 Nb4 19. Qb1 Nxd3 20. exf5 Nxe1 21. Rxe1
Qf7 22. Qe4 Bc5 23. Re2 Qxf5 24. Qxf5 Rxf5 25. Ne4 Bd4 26. Bg4 Rff8 27. Bxd4
Rxd4 28. Be6+ Kh8 29. Nc5 Bc8 30. Rxe5 Re8 31. f4 Bxe6 32. Nxe6 Rd5 33. Re2 g6
34. g4 Kg8 35. Kf2 Rd6 36. Nc5 Rxe2+ 37. Kxe2 Kf7 38. Nd3 a5 39. Ke3 Ke7 40.
Ke4 Rd5 41. a3 Rd7 42. h4 Kd6 43. Kd4 Rf7 44. b4 axb4 45. axb4 Ra7 46. Nc5 Ra1
47. Ne4+ Ke7 48. f5 gxf5 49. gxf5 Rd1+ 50. Kc5 Rc1+ 51. Kd4 Rc4+ 52. Ke5 Rxb4
53. f6+ Kf8 54. Nc5 Rxh4 55. Ke6 Rd4 56. f7 h5 0-1

[Event "MP Reykjavik Open 2011"]
[Site "Reykjavik ISL"]
[Date "2011.03.14"]
[Round "7.25"]
[White "Lagerman, Robert"]
[Black "Ziska, Helgi Dam"]
[Result "1-0"]
[WhiteElo "2320"]
[BlackElo "2432"]
[PlyCount "199"]
[EventDate "2011.03.09"]
[EventType "swiss"]
[EventRounds "9"]
[EventCountry "ISL"]
[Source "lmi"]
[SourceDate "2011.03.09"]

1. e4 c5 2. d3 g6 3. f4 Bg7 4. Nf3 Nc6 5. Be2 d6 6. O-O Nf6 7. Kh1 e5 8. Qe1 h6
9. Nc3 Be6 10. Bd2 Qe7 11. a3 exf4 12. Bxf4 O-O 13. Qh4 Ne8 14. Qg3 Rd8 15.
Rae1 Nf6 16. Bc1 a6 17. Nh4 Kh7 18. Bd1 Ne5 19. h3 b5 20. Nb1 Nfd7 21. Nd2 Qg5
22. Qf2 Bf6 23. Nhf3 Nxf3 24. Qxf3 Bg7 25. Qe3 Qxe3 26. Rxe3 h5 27. Ree1 Bh6
28. Be2 Nb6 29. b3 a5 30. Nf3 d5 31. Ng5+ Kg7 32. exd5 Bxd5 33. Bf3 Bxg5 34.
Bxg5 Rde8 35. Be7 Rg8 36. Bxc5 Rxe1 37. Rxe1 Bxf3 38. Bxb6 Bd5 39. c4 Be6 40.
Bxa5 Ra8 41. Bb4 Rd8 42. Re3 bxc4 43. dxc4 Rd1+ 44. Kh2 g5 45. Be7 Kg6 46. Re5
g4 47. hxg4 hxg4 48. Re3 Kf5 49. Bh4 Rd2 50. Be1 Ra2 51. a4 Kf4 52. Rd3 Bf5 53.
Rd2 Ra1 54. Bg3+ Ke3 55. Rb2 Be6 56. Bc7 f5 57. Kg3 Rf1 58. Bb6+ Kd3 59. Bf2
Bd7 60. a5 Kc3 61. Bd4+ Kxd4 62. Rd2+ Kc3 63. Rxd7 Kxb3 64. c5 Kb4 65. c6 Kxa5
66. c7 Rc1 67. Kf4 Kb6 68. Kxf5 g3 69. Kf4 Rc3 70. Rg7 Kb7 71. Rxg3 Rxc7 72.
Rd3 Rf7+ 73. Ke5 Rg7 74. g3 Rg8 75. Kf5 Rf8+ 76. Kg5 Rg8+ 77. Kf5 Rf8+ 78. Ke6
Rg8 79. Kf7 Rg4 80. Kf6 Rg8 81. Rd7+ Kc6 82. Rg7 Rf8+ 83. Kg6 Kd6 84. g4 Ke6
85. g5 Rf1 86. Ra7 Rg1 87. Kh6 Rg2 88. g6 Rg1 89. Kh7 Rh1+ 90. Kg7 Rg1 91. Ra2
Rh1 92. Re2+ Kd7 93. Kf7 Rf1+ 94. Kg8 Rg1 95. g7 Rh1 96. Re4 Rh2 97. Kf7 Rf2+
98. Kg6 Rg2+ 99. Kf6 Kd8 100. Re5 1-0

[Event "MP Reykjavik Open 2011"]
[Site "Reykjavik ISL"]
[Date "2011.03.14"]
[Round "7.26"]
[White "Gunnarsson, Jon Viktor"]
[Black "Bisby, Daniel"]
[Result "1-0"]
[WhiteElo "2428"]
[BlackElo "2306"]
[PlyCount "63"]
[EventDate "2011.03.09"]
[EventType "swiss"]
[EventRounds "9"]
[EventCountry "ISL"]
[Source "lmi"]
[SourceDate "2011.03.09"]

1. e4 e6 2. Nf3 d5 3. Nc3 Nf6 4. e5 Nfd7 5. d4 c5 6. dxc5 Bxc5 7. Bd3 Nc6 8.
Bf4 f6 9. exf6 Nxf6 10. Qe2 O-O 11. O-O-O a6 12. Ne5 Qe8 13. Nxc6 Qxc6 14. Be5
b5 15. g4 Nd7 16. Bg3 b4 17. Ne4 Be7 18. h4 dxe4 19. Bxe4 Qa4 20. g5 b3 21.
cxb3 Qxa2 22. Qh5 Rf5 23. Qe8+ Bf8 24. Qxe6+ Rf7 25. Bd5 Ne5 26. Qxe5 Raa7 27.
Kc2 Kh8 28. Bxf7 Rxf7 29. Ra1 Bf5+ 30. Qxf5 Qxa1 31. Qxf7 Qxh1 32. Qxf8# 1-0

[Event "MP Reykjavik Open 2011"]
[Site "Reykjavik ISL"]
[Date "2011.03.14"]
[Round "7.27"]
[White "Thorfinnsson, Bragi"]
[Black "Reipsch, Jens"]
[Result "1-0"]
[WhiteElo "2417"]
[BlackElo "2247"]
[PlyCount "41"]
[EventDate "2011.03.09"]
[EventType "swiss"]
[EventRounds "9"]
[EventCountry "ISL"]
[Source "lmi"]
[SourceDate "2011.03.09"]

1. e4 e5 2. Nf3 Nc6 3. d4 exd4 4. Nxd4 Nxd4 5. Qxd4 d6 6. Nc3 Nf6 7. Bg5 Be7 8.
O-O-O O-O 9. f4 Be6 10. Bc4 c5 11. Qd3 Ng4 12. Bxe7 Qxe7 13. Rd2 Rfd8 14. h3
Nf6 15. g4 Bxc4 16. Qxc4 b5 17. Qxb5 Nxe4 18. Qe2 Re8 19. Re1 Qb7 20. Nxe4 d5
21. Nd6 1-0

[Event "MP Reykjavik Open 2011"]
[Site "Reykjavik ISL"]
[Date "2011.03.14"]
[Round "7.28"]
[White "Kovachev, Daniel Jakobsen"]
[Black "Debashis, Das"]
[Result "1/2-1/2"]
[WhiteElo "2307"]
[BlackElo "2398"]
[PlyCount "78"]
[EventDate "2011.03.09"]
[EventType "swiss"]
[EventRounds "9"]
[EventCountry "ISL"]
[Source "lmi"]
[SourceDate "2011.03.09"]

1. e4 c5 2. Nf3 e6 3. b3 b6 4. Bd3 Bb7 5. O-O d6 6. Re1 Nf6 7. Bb2 Be7 8. Bb5+
Nbd7 9. e5 dxe5 10. Nxe5 O-O 11. Bc6 Qc7 12. Bxb7 Qxb7 13. a4 Rfd8 14. Na3 Nxe5
15. Bxe5 Nd7 16. Bb2 Bf6 17. Bxf6 Nxf6 18. Nc4 Rd4 19. Re3 Rad8 20. Qf3 Qxf3
21. Rxf3 R4d5 22. h4 Nd7 23. Re1 Nb8 24. Rfe3 Nc6 25. c3 Kf8 26. g3 Ke8 27. Kf1
Kf8 28. R1e2 h6 29. Ke1 Rc8 30. Kd1 Ne7 31. Kc2 Nc6 32. Rd3 Rxd3 33. Kxd3 Rd8+
34. Kc2 Rd5 35. Re3 Rf5 36. Re2 Rh5 37. Ne3 g5 38. Ng2 gxh4 39. Nxh4 Ke7
1/2-1/2

[Event "MP Reykjavik Open 2011"]
[Site "Reykjavik ISL"]
[Date "2011.03.14"]
[Round "7.29"]
[White "Thomassen, Joachim"]
[Black "Holm, Kristian Stuvik"]
[Result "1/2-1/2"]
[WhiteElo "2396"]
[BlackElo "2240"]
[PlyCount "40"]
[EventDate "2011.03.09"]
[EventType "swiss"]
[EventRounds "9"]
[EventCountry "ISL"]
[Source "lmi"]
[SourceDate "2011.03.09"]

1. e4 c5 2. Nf3 g6 3. d4 cxd4 4. Nxd4 Bg7 5. Nc3 Nc6 6. Be3 Nf6 7. Bc4 O-O 8.
Bb3 a5 9. O-O a4 10. Nxa4 Nxe4 11. Nb5 d5 12. c3 e6 13. f3 Nf6 14. Bb6 Qd7 15.
Nc5 Qe7 16. Nd3 Nd7 17. Bc7 Qf6 18. f4 b6 19. Bd6 Rd8 20. Bc7 Rf8 1/2-1/2

[Event "MP Reykjavik Open 2011"]
[Site "Reykjavik ISL"]
[Date "2011.03.14"]
[Round "7.30"]
[White "Tiller, Bjorn"]
[Black "Halldorsson, Jon Arni"]
[Result "1/2-1/2"]
[WhiteElo "2393"]
[BlackElo "2195"]
[PlyCount "73"]
[EventDate "2011.03.09"]
[EventType "swiss"]
[EventRounds "9"]
[EventCountry "ISL"]
[Source "lmi"]
[SourceDate "2011.03.09"]

1. f4 d5 2. Nf3 g6 3. g3 Bg7 4. Bg2 Nh6 5. O-O O-O 6. d3 d4 7. c3 Nc6 8. e4
dxe3 9. Bxe3 Nf5 10. Bc5 h5 11. Qe2 Re8 12. Ne5 Nxe5 13. fxe5 c6 14. Nd2 Qc7
15. d4 Be6 16. Ne4 Bh6 17. Rf3 Rad8 18. Raf1 b6 19. Ba3 c5 20. Bxc5 bxc5 21.
Nxc5 Rxd4 22. Nxe6 fxe6 23. cxd4 Nxd4 24. Qe4 Nxf3+ 25. Bxf3 Kg7 26. Bd1 Qc5+
27. Kg2 Rd8 28. Qf3 Qd5 29. Bb3 Qxf3+ 30. Rxf3 Rd2+ 31. Kf1 Rxh2 32. Bxe6 Bg5
33. b4 Rb2 34. Bb3 Rd2 35. b5 Rd4 36. Rc3 Re4 37. e6 1/2-1/2

[Event "MP Reykjavik Open 2011"]
[Site "Reykjavik ISL"]
[Date "2011.03.14"]
[Round "7.31"]
[White "Mack, Wolfgang"]
[Black "Thorhallsson, Throstur"]
[Result "1-0"]
[WhiteElo "2282"]
[BlackElo "2387"]
[PlyCount "101"]
[EventDate "2011.03.09"]
[EventType "swiss"]
[EventRounds "9"]
[EventCountry "ISL"]
[Source "lmi"]
[SourceDate "2011.03.09"]

1. c4 e6 2. g3 d5 3. Bg2 Nf6 4. Nf3 dxc4 5. Na3 Be7 6. Nxc4 O-O 7. O-O Nbd7 8.
Qc2 Nb6 9. b3 Nfd5 10. a3 Bd7 11. Bb2 Nxc4 12. bxc4 Nb6 13. Ne5 Ba4 14. Qc1 f6
15. Nd3 c5 16. Bxb7 Rb8 17. Bg2 Bb3 18. Nf4 Bxc4 19. d3 Bb3 20. Bh3 Qd6 21. a4
e5 22. a5 Nd7 23. Ng2 Be6 24. Bxe6+ Qxe6 25. Ne3 Qh3 26. Qc4+ Kh8 27. Bc3 f5
28. Rfb1 Rxb1+ 29. Rxb1 f4 30. Nf1 fxg3 31. hxg3 Qf5 32. f3 Nf6 33. Rb7 Bd6 34.
Rxa7 Qg6 35. Ra6 Bb8 36. Qxc5 Qf7 37. Qc4 Qb7 38. Qc6 Qb3 39. Qc5 Re8 40. Rb6
Qd1 41. Rb2 Qc1 42. Kg2 e4 43. dxe4 Be5 44. Rb3 Qc2 45. Qc4 Qc1 46. Qd3 h5 47.
Bxe5 Rxe5 48. Rb8+ Kh7 49. Rb5 Qa1 50. Rxe5 Qxe5 51. f4 1-0

[Event "MP Reykjavik Open 2011"]
[Site "Reykjavik ISL"]
[Date "2011.03.14"]
[Round "7.32"]
[White "Devereaux, Maxim L"]
[Black "Vovk, Oksana"]
[Result "1/2-1/2"]
[WhiteElo "2385"]
[BlackElo "2204"]
[PlyCount "123"]
[EventDate "2011.03.09"]
[EventType "swiss"]
[EventRounds "9"]
[EventCountry "ISL"]
[Source "lmi"]
[SourceDate "2011.03.09"]

1. Nf3 Nf6 2. c4 e6 3. g3 d5 4. Bg2 Be7 5. d4 O-O 6. O-O Nbd7 7. Qc2 c6 8. b3
b6 9. Bb2 Bb7 10. Nc3 c5 11. cxd5 Nxd5 12. Nxd5 Bxd5 13. e4 Bb7 14. Rad1 cxd4
15. Bxd4 Rc8 16. Qb2 Bf6 17. e5 Be7 18. Qd2 Qc7 19. Rc1 Qb8 20. Qe3 h6 21. h4
Rxc1 22. Rxc1 Rd8 23. Ne1 Bxg2 24. Nxg2 Nc5 25. Nf4 Qb7 26. Re1 Qd7 27. Bc3 Qb5
28. Qf3 a5 29. Re3 Qd7 30. Kg2 Qb7 31. Qxb7 Nxb7 32. Rd3 Nc5 33. Rxd8+ Bxd8 34.
Kf3 Kf8 35. Bd4 Na6 36. Nd3 Nb8 37. a4 Nc6 38. Ke4 Ke7 39. Bc3 Kd7 40. h5 Na7
41. Bd4 Kc6 42. f4 Nc8 43. g4 Ne7 44. Be3 g6 45. g5 Nf5 46. gxh6 Nxh6 47. hxg6
fxg6 48. b4 axb4 49. Nxb4+ Kd7 50. Kd3 Be7 51. Nc2 Kc6 52. Nd4+ Kd5 53. Nb5 Bd8
54. Nc3+ Kc6 55. Kc4 Nf5 56. Bf2 g5 57. fxg5 Bxg5 58. Na2 Bd2 59. Kd3 Ba5 60.
Kc4 Bd2 61. Kd3 Ba5 62. Kc4 1/2-1/2

[Event "MP Reykjavik Open 2011"]
[Site "Reykjavik ISL"]
[Date "2011.03.14"]
[Round "7.33"]
[White "Milliet, Sophie"]
[Black "Rothe, Guido"]
[Result "1-0"]
[WhiteElo "2369"]
[BlackElo "2171"]
[PlyCount "97"]
[EventDate "2011.03.09"]
[EventType "swiss"]
[EventRounds "9"]
[EventCountry "ISL"]
[Source "lmi"]
[SourceDate "2011.03.09"]

1. e4 g6 2. d4 Bg7 3. Nc3 d6 4. Be3 a6 5. h4 h5 6. Nh3 b5 7. Ng5 Bb7 8. a4 b4
9. Nd5 Bxd5 10. exd5 Nf6 11. Bc4 O-O 12. Qf3 Qd7 13. O-O c6 14. dxc6 Nxc6 15.
Qe2 Qg4 16. Nf3 a5 17. Bb5 Qe4 18. Ng5 Qd5 19. c4 bxc3 20. bxc3 Ng4 21. c4 Nxd4
22. cxd5 Nxe2+ 23. Bxe2 Nxe3 24. fxe3 Bxa1 25. Rxa1 Rac8 26. Bb5 Rc2 27. Rf1
Rd2 28. e4 Rc8 29. Rxf7 Rc1+ 30. Kh2 Rcc2 31. Bf1 Ra2 32. Rxe7 Rf2 33. Kg1 Rf8
34. Re6 Ra1 35. Rxg6+ Kh8 36. Nf3 Rxa4 37. Rxd6 Rxe4 38. Ra6 Ra4 39. Bb5 Ra1+
40. Kh2 Ra2 41. Bc4 Rc2 42. Bd3 Rb2 43. Kg1 Rb3 44. Bg6 Rb5 45. d6 Rd5 46. Be4
Rd1+ 47. Kh2 a4 48. Bc2 Rd5 49. Bxa4 1-0

[Event "MP Reykjavik Open 2011"]
[Site "Reykjavik ISL"]
[Date "2011.03.14"]
[Round "7.34"]
[White "Sipila, Vilka"]
[Black "Saemundsson, Bjarni"]
[Result "1-0"]
[WhiteElo "2347"]
[BlackElo "1923"]
[PlyCount "55"]
[EventDate "2011.03.09"]
[EventType "swiss"]
[EventRounds "9"]
[EventCountry "ISL"]
[Source "lmi"]
[SourceDate "2011.03.09"]

1. b4 e5 2. Bb2 Bxb4 3. Bxe5 Nf6 4. Nc3 Nc6 5. Bxf6 Qxf6 6. Nd5 Qe5 7. Nxb4
Nxb4 8. Rb1 a5 9. a3 Nc6 10. Nf3 Qe7 11. Qc1 b6 12. e3 Ne5 13. Nxe5 Qxe5 14. d4
Qg5 15. Rb5 Qg6 16. Bd3 Qc6 17. c4 d6 18. Qc2 Bb7 19. f3 Qd7 20. Be4 Rb8 21.
Bxb7 Rxb7 22. Qe4+ Qe7 23. Qc6+ Kd8 24. Qxb7 Qxe3+ 25. Kf1 Qd3+ 26. Kf2 Qd2+
27. Kg3 Qg5+ 28. Rxg5 1-0